Statistics for Golden State Warriors Fans: Loyal or Bandwagon

Click here to take the quiz!

General Stats

  • This quiz has been taken 105 times
  • The average score is 7 of 15

Answer Stats

Hint Answer % Correct
What Player Scoed The Most Points In One Game For The WarriorsWilt Chamberlain
85%
What Is Steph Curry's Real NameWardell
74%
Who was the starting small forward before Kevin DurantHarrison Barnes
71%
How Do You Spell Andre IgguadlaIguodala
70%
What City Did The Warriors Play In Before OaklandPhiladelphia
58%
Who was in RUn TMCTim Hardaway
56%
Who Did The Warriors Trade Monta Ellis forAndrew Bogut
56%
What Year Was The We Believe Season2007
55%
Mitch Richmond
47%
Chris Mullin
44%
Who Was Picked Third Overall The Year Curry was DraftedJames Harden
33%
Who Is The Backup Power ForwardJordan Bell
25%
Who Wears Number 18Omri Casspi
21%
What City Is ZaZa fromTbilisi
15%
Who did the Warriors Pick 9th overall in 2005Ike Diogu
8%

Score Distribution

Percentile by Number Answered

Percent of People with Each Score

Your Score History

You have not taken this quiz